<?xml version="1.0" encoding="UTF-8"?>
<record
    xmlns:xsi="http://www.w3.org/2001/XMLSchema-instance"
    xsi:schemaLocation="http://www.loc.gov/MARC21/slim http://www.loc.gov/standards/marcxml/schema/MARC21slim.xsd"
    xmlns="http://www.loc.gov/MARC21/slim">

  <leader>01484nam a2200313   4500</leader>
  <controlfield tag="001">113827</controlfield>
  <controlfield tag="003">DR-UNIBE</controlfield>
  <controlfield tag="005">20250708152741.0</controlfield>
  <controlfield tag="008">250703b2017    dr ||||| |||| 00| 0 spa d</controlfield>
  <datafield tag="040" ind1=" " ind2=" ">
    <subfield code="a">BIBLIOTECA UNIBE</subfield>
    <subfield code="b">spa</subfield>
    <subfield code="c">BIBLIOTECA UNIBE</subfield>
    <subfield code="e">rda</subfield>
  </datafield>
  <datafield tag="041" ind1=" " ind2=" ">
    <subfield code="a">spa</subfield>
  </datafield>
  <datafield tag="082" ind1=" " ind2=" ">
    <subfield code="2">22</subfield>
    <subfield code="a">RD 372.357 R579n</subfield>
  </datafield>
  <datafield tag="100" ind1="1" ind2="0">
    <subfield code="a">Rinc&#xF3;n Ozuna, Andrea Griselda</subfield>
    <subfield code="9">197019</subfield>
    <subfield code="e">autor</subfield>
  </datafield>
  <datafield tag="100" ind1="1" ind2="0">
    <subfield code="a"> V&#xE1;squez G&#xFC;ichardo, Julia Mery</subfield>
    <subfield code="9">197020</subfield>
    <subfield code="e">autor</subfield>
  </datafield>
  <datafield tag="245" ind1="1" ind2="0">
    <subfield code="a">Naturales 2 / </subfield>
    <subfield code="c">Andrea Griselda Rinc&#xF3;n Ozuna, Julia Mery V&#xE1;quez G&#xFC;ichardo</subfield>
  </datafield>
  <datafield tag="260" ind1=" " ind2=" ">
    <subfield code="a">Santo Domingo : </subfield>
    <subfield code="b">Editesa, </subfield>
    <subfield code="c">2017</subfield>
  </datafield>
  <datafield tag="300" ind1=" " ind2=" ">
    <subfield code="a">102 p&#xE1;ginas : </subfield>
    <subfield code="b">ilustraciones a color ;</subfield>
    <subfield code="c">27 x 21 cm</subfield>
  </datafield>
  <datafield tag="490" ind1=" " ind2=" ">
    <subfield code="a">Ciencias de la Naturaleza ;</subfield>
    <subfield code="v">2 </subfield>
  </datafield>
  <datafield tag="505" ind1=" " ind2=" ">
    <subfield code="a">Presentaci&#xF3;n |
Unidad 1: los alimentos y la vida |
Unidad 2: el sol  fuente de vida |
Unidad 3: los materiales y sus cambios |
Unidad 4: las m&#xE1;quinas y la vida</subfield>
  </datafield>
  <datafield tag="650" ind1=" " ind2="7">
    <subfield code="2">lemb</subfield>
    <subfield code="a">Ciencias naturales</subfield>
    <subfield code="x">Ense&#xF1;anza</subfield>
    <subfield code="x">Educaci&#xF3;n primaria</subfield>
    <subfield code="9">197178</subfield>
  </datafield>
  <datafield tag="700" ind1="1" ind2="0">
    <subfield code="a">Rodr&#xED;guez Rijo, Basilia</subfield>
    <subfield code="9">197021</subfield>
    <subfield code="e">corrector de estilo</subfield>
  </datafield>
  <datafield tag="700" ind1="1" ind2="0">
    <subfield code="a">Rosa, Mar&#xED;a del Jesus de la</subfield>
    <subfield code="9">197022</subfield>
    <subfield code="e">director t&#xE9;cnico</subfield>
  </datafield>
  <datafield tag="700" ind1="1" ind2="0">
    <subfield code="a">F&#xE9;lix, Richard</subfield>
    <subfield code="9">197023</subfield>
    <subfield code="e">ilustrador</subfield>
    <subfield code="e">dise&#xF1;ador de portada</subfield>
  </datafield>
  <datafield tag="700" ind1="1" ind2="0">
    <subfield code="a">Brito, Braulio</subfield>
    <subfield code="9">197024</subfield>
    <subfield code="e">ilustrador</subfield>
    <subfield code="e">dise&#xF1;ador de portada</subfield>
  </datafield>
  <datafield tag="700" ind1="1" ind2="0">
    <subfield code="a">Castro, Adriana</subfield>
    <subfield code="9">197025</subfield>
    <subfield code="e">digitador</subfield>
  </datafield>
  <datafield tag="700" ind1="1" ind2="0">
    <subfield code="a">P&#xE9;rez de Paulino, Niurka</subfield>
    <subfield code="9">197026</subfield>
    <subfield code="e">diagramador</subfield>
    <subfield code="e">dise&#xF1;ador gr&#xE1;fico</subfield>
  </datafield>
  <datafield tag="700" ind1="1" ind2="0">
    <subfield code="a">L&#xF3;pez Genao, Cruz Altagracia</subfield>
    <subfield code="9">53505</subfield>
    <subfield code="e">diagramador</subfield>
    <subfield code="e">dise&#xF1;ador gr&#xE1;fico</subfield>
  </datafield>
  <datafield tag="942" ind1=" " ind2=" ">
    <subfield code="2">ddc</subfield>
    <subfield code="c">BK</subfield>
  </datafield>
  <datafield tag="999" ind1=" " ind2=" ">
    <subfield code="c">113827</subfield>
    <subfield code="d">113827</subfield>
  </datafield>
  <datafield tag="952" ind1=" " ind2=" ">
    <subfield code="0">0</subfield>
    <subfield code="1">0</subfield>
    <subfield code="2">ddc</subfield>
    <subfield code="7">0</subfield>
    <subfield code="8">GEN-RD</subfield>
    <subfield code="a">Principal</subfield>
    <subfield code="d">2025-05-07</subfield>
    <subfield code="l">0</subfield>
    <subfield code="o">RD 372.357 R579n</subfield>
    <subfield code="p">250697</subfield>
    <subfield code="r">2025-07-03 15:03:01</subfield>
    <subfield code="t">Ej. 1</subfield>
    <subfield code="w">2025-07-03</subfield>
    <subfield code="y">BK</subfield>
  </datafield>
</record>
